00950nam a2200241Ia 4500001001000000003000500010008004100015010001100056040000900067082001700076111008400093245008600177260007700263300001100340440006900351650002700420650002400447650005300471650004700524650001900571700006900590710004900659Para_8739CHAP220125s2002 xx 000 0 und d a207539 cCHAP aPA 633.73 M4 aInvestigaciones en agricultura de regiones cafetaleras (2002: Chapingo, Méx.) aMemoria 2002 /c comp. por Damaso Martínez Pérez y Emmanuel V. Cruz San Pedro aChapingo, Méx. :b UACh - INIFAP Centro Regional Universitario Oriente a138 p. aPrograma de investigación y desarrollo de regiones cafetaleras aCafé x enfermedades aCafé x México  aCafé x variedades resistentes a enfermedades  aCafé x variedades resistentes a plagas  aCafeticultores aMartínez Pérez, Damaso comp. / Cruz San Pedro, Emanuel comp. aINIFAP. Centro Regional Univesitario Oriente